00414 2200157 4500001002100000008004100021035002000062245005900082100001800141250000600159260004300165084001400208082000800222650001400230990001200244INLIS000000000001573 ind  a0010-0125000071 aDasar-Dasar Proses Belajar MengajarcDrs. Nana Sudjana aSudjana, Nana a1 aJakarta :bSinar Baru Algansindoc2009 a370 NAN d a370 aNon Fiksi a0714423